| 000 | 00332nam a2200133Ia 4500 | ||
|---|---|---|---|
| 008 | 200103s9999||||xx |||||||||||||| ||und|| | ||
| 040 | _aIMU-MPC | ||
| 082 | _aColumn-18 | ||
| 100 | _aSergeev, N. and Vashkevich, N. | ||
| 245 | 3 | _aAn introduction to computers | |
| 260 |
_bMir Publishers, Moscow _c1976 |
||
| 300 | _a304 | ||
| 942 | _cBK | ||
| 999 |
_c6235 _d6235 |
||